Country by Single Letter per Letter Quiz Stats

Quiz Updated Aug 15, 2012

Challenge
Share
Tweet
Embed
Score 0/26 Timer 12:00
17 Plays Today
% Correct
Qatar
92.2%
Finland
86.6%
Spain
70.2%
Mexico
62.8%
Jordan
62.7%
Nepal
44.5%
Tuvalu
40.7%
Israel
40.6%
Tanzania
38.2%
Paraguay
37%
Kiribati
34.5%
Malawi
34.2%
Latvia
33.1%
% Correct
Andorra
31.1%
Tonga
27.5%
Syria
26.1%
Ethiopia
24.7%
Namibia
21.6%
Ukraine
21%
Lesotho
20.6%
Colombia
20.4%
Thailand
19.5%
Cameroon
17.7%
Eritrea
16.3%
Moldova
15.6%
Dominica
15.4%

You're not logged in!

Compare scores with friends on all Sporcle quizzes.
Join for Free
OR
Log In

You Might Also Like...

Show Comments

Extras

Top Quizzes Today


Score Distribution

Your Account Isn't Verified!

In order to create a playlist on Sporcle, you need to verify the email address you used during registration. Go to your Sporcle Settings to finish the process.

Report this User

Report this user for behavior that violates our Community Guidelines.

Details: